Kraje Europy w 20-leciu międzywojennym - Statystyki

Ogólne statystyki
  • Ten quiz został rozwiązany 44 razy
    36 od ostatniego zresetowania
  • Średni wynik to 27 z 33
Statystyki odpowiedzi
powierzchnia kraj % Poprawnych
389 720 km² Polska
97%
301 000 km² (część europejska, bez Albanii) Włochy
94%
21,3 mln km² Związek Radziecki
94%
643,4 tys. Km² (część europejska) Francja
90%
505 965 km² (część europejska) Hiszpania
90%
92 391 km² (część europejska) Portugalia
90%
468 787 km² Republika Weimarska
90%
450 295 km² (prawdopodobnie) Szwecja
90%
244 820 km² (część europejska) Wielka Brytania
90%
ok. 140 701 km² Czechosłowacja
87%
383 000 km² Finlandia
87%
131 957 km² Grecja
87%
385 207 km² Norwegia
87%
189 000 km² (z Islandią) Dania
84%
45 339 km² Estonia
84%
55 000 km² Litwa
84%
64 573 km² Łotwa
84%
83 854 km² Austria
81%
30 688 km² (część europejska) Belgia
81%
41 543 km² (część europejska) Holandia
81%
247 542 km² Królestwo Jugosławii
81%
295 049 km² Rumunia
81%
61 km² San Marino
81%
0,49 km² Watykan
81%
93 030 km² Węgry
81%
28 748 km² Albania
77%
468 km² Andora
77%
2586,40 km² Luksemburg
74%
2,08 km² Monako
74%
41 291 km² Szwajcaria
74%
103 000 km² Bułgaria
71%
160,5 km² Liechtenstein
71%
84 406 km² Irlandia
68%
Nie znaleziono quizów pasujących do podanych kryteriów
Rozkład punktacji
Procent ludzi z każdym wynikiem
Percentyl według liczby udzielonych odpowiedzi
Twoja historia wyników
Nie rozwiązałeś tego quizu od ostatniego zresetowania